AutoCad 2002 : Langkah Demi Langkah

Bibliographic Details
Main Author: Iskandar Ab Rashid
Other Authors: Zaitun Ismail
Format: Book
Language:Malay
Published: Kuala Lumpur : Venton Publishing , c2002
Subjects:

MARC

LEADER 00000cam a2200000 7i4500
001 0000011339
005 20230512.0
008 030819 my may
020 |a 983203180x (pbk) 
040 |a INS 
090 0 0 |a T385   |b .I81 2002 
100 0 |a Iskandar Ab Rashid 
245 1 0 |a AutoCad 2002 :   |b Langkah Demi Langkah   |c Iskandar Ab Rashid dan Zaitun Ismail 
260 |a Kuala Lumpur :   |b Venton Publishing ,   |c c2002 
300 |a iv, 298 p. :   |b ill. ;   |c 26 cm. 
500 |a Includes index 
650 0 |a Computer graphic   |x Programmed instruction 
700 0 |a Zaitun Ismail 
999 |a 0000010140   |b BOOK   |c Open Shelf   |e Default branch